Komentarz do tabeli klas gruntów : (Rekord nr 55455)
| 000 -ETYKIETA REKORDU | |
|---|---|
| podpole kontrolne o stałej długości | 00996nam a2200193 i 4500 |
| 001 - NUMER KONTROLNY REKORDU | |
| pole kontrolne | bg |
| 040 ## - ŹRÓDŁO KATALOGOWANIA | |
| Instytucja, która utworzyła rekord | BPK |
| 041 0# - KOD JĘZYKA | |
| Kod języka tekstu | pol |
| 044 ## - KOD KRAJU WYDAWCY/PRODUCENTA | |
| Kod kraju wydawcy/producenta | POL |
| 080 ## - UNIWERSALNA KLASYFIKACJA DZIESIĘTNA - UKD | |
| UKD | 631.4 |
| 008 - POLE O STAŁEJ DŁUGOŚCI - DANE KONTROLNE | |
| podpole kontrolne o stałej długości | s pl f |000 0 pol |
| 245 10 - TYTUŁ/ODPOWIEDZIALNOŚĆ | |
| Tytuł | Komentarz do tabeli klas gruntów : |
| Ciąg dalszy tytułu | w zakresie bonitacji gleb gruntów ornych terenów równinowych, wyżynnych i nizinnych wraz z regionalnymi instrukcjami dotyczącymi bonitacji gleb ornych terenów górzystych i komentarzami dotyczącymi bonitacji gleb użytków zielonych i gleb pod lasami dla użytku klasyfikatorów gleb i pracowników kartografii gleb - IUNG / |
| Pozostałe elementy strefy tytułu i oznaczenia odpowiedzialności | Minsterstwo Rolnictwa. |
| 260 ## - STREFA ADRESU WYDAWNICZEGO | |
| Miejsce wydania | Puławy : |
| Nazwa wydawcy/dystrybutora | Instytut Uprawy Nawożenia i Gleboznawstwa, |
| Data publikacji, dystrybucji/powstania dokumentu | 2004. |
| 300 ## - STREFA OPISU FIZYCZNEGO | |
| Objętość | 464 s. ; |
| Rozmiary | 17 cm. |
| 500 ## - UWAGI OGÓLNE | |
| Tekst uwagi | Repr. wykonany w Instytucie Uprawy Nawożenia i Gleboznawstwa w Puławach w 2004 r. w uzgodnieniu z Ministerstwem Rolnictwa i Rozwoju Wsi. |
| 650 #9 - HASŁO PRZEDMIOTOWE W FORMIE NAZWY OGÓLNEJ LUB JEDNOSTKOWEJ | |
| Nazwa ogólna lub geograficzna | Gleby |
| Określnik ogólny | klasyfikacja |
| 710 2# - HASŁO DODATKOWE - NAZWA CIAŁA ZBIOROWEGO | |
| Nazwa ciała zbiorowego lub jednostki geograficznej | Polska |
| Nazwa jednostki podrzędnej | Ministerstwo Rolnictwa i Rozwoju Wsi |
| 856 ## - LOKALIZACJA I DOSTĘP DO ELEKTRONICZNYCH DOKUMENTÓW ZDALNYCH | |
| Link (URL) | http://koha.tu.koszalin.pl/cgi-bin/koha/opac-detail.pl?biblionumber=55455 |
| Tekst linku | Katalog online BPK |
| 942 ## - DODATKOWE ELEMENTY (KOHA) | |
| Typ dokumentu | Książka |
| Wycofany | Status egzemplarza | Uszkodzony | Dostępność | Lokalizacja stała | Lokalizacja bieżąca | Miejsce przechowywania | Sygnatura | Kod kreskowy | Typ dokumentu |
|---|---|---|---|---|---|---|---|---|---|
| Dostępny | Biblioteka Politechniki Koszalińskiej | Biblioteka Politechniki Koszalińskiej | Wypożyczalnia BG | 88693 | 02446875 | Książka |
